Paroles - Recommence-moi - Santa - Statistiques

Statistiques générales
  • Ce quiz a été pris 225 fois
  • Le résultat moyen est 169 sur 235
Statistiques - réponses
Réponse % Correct
Je
90%
je
90%
de
89%
si
87%
au
86%
le
86%
du
85%
tout
85%
Tout
85%
danse
84%
Et
84%
et
84%
pas
84%
que
84%
recommence-moi
84%
Recommence-moi
84%
les
81%
un
81%
autour
80%
nous
80%
te
80%
tourne
79%
la
78%
recommencer
78%
rien
78%
s'il
78%
plus
77%
Pour
77%
ne
76%
autres
75%
comme
75%
mes
75%
quelques
75%
sera
75%
ce
73%
deux
73%
en
73%
reste
73%
sur
73%
trois
73%
une
73%
danser
72%
moi
70%
monde
68%
secondes
67%
toi
67%
Toi
67%
nôtre
66%
Tu
66%
tu
66%
chanson
63%
J'irai
59%
Oh
56%
silences
56%
t'ecrirai
56%
t'écrirai
56%
danseras
55%
bord
54%
on
54%
On
54%
temps
54%
paupières
51%
avec
50%
change
50%
recommencera
47%
préfère
44%
remettrai
41%
l'ombre
39%
sourirai
38%
sans
36%
doigts
32%
claquement
31%
larmes
31%
prières
28%
Aucun quiz correspondant
Distribution des résultats
% des personnes avec chaque résultat
Percentile par nombre de réponses
Votre historique - résultats
Vous n’avez pas pris ce quiz